000 00920cab a2200301 4500
001 ABS52839
008 090401t1995 xxu||||| |||| 00| 0 eng d
035 _a(Sirsi) u398
041 _aeng
245 _aAsian investors favour mixed use schemes
260 _c1995
350 _a0
490 _aEuroProperty
_vMay 1995, 24-26(3)
520 _aUS and Asian investors are again looking at property schemes in Europe despite the earlier initial failure of investment in Canary Wharf.
650 _aASIA
650 _aASIAN INVESTORS
650 _aCANARY WHARF
650 _aEUROPE
650 _aFOREIGN INVESTMENT-UK
650 _aFOREIGN INVESTORS
650 _aFOREIGN INVETSMENT-EUROPE
650 _aOVERSEAS INVESTMENT
650 _aUNITED STATES
650 _aUS INVESTORS
690 _aPROPERTY-COMMERCIAL PROPERTY-COMMERCIAL PROPERTY FINANCE AND INVESTMENT
942 _n0
948 _c04/03/1997
999 _c160
_d160